Statistics for 50 Greatest Pop Songs of All Time

Click here to take the quiz!

General Stats

  • This quiz has been taken 57 times
  • The average score is 16 of 50

Answer Stats

RankArtistsSong% Correct
7Michael JacksonBillie Jean
69%
8Carly Rae JepsenCall Me Maybe
67%
2ABBADancing Queen
65%
26a-haTake on Me
62%
14OutKastHey Ya!
56%
21Aretha FranklinRespect
47%
50Rihanna (ft. Jay Z)Umbrella
47%
36Spice GirlsWannabe
47%
48OasisWonderwall
47%
31Usher (ft. Lil Jon and Ludacris)Yeah!
47%
4Backstreet BoysI Want It That Way
45%
16Earth, Wind & FireSeptember
45%
18Beyoncé (ft. Jay Z)Crazy In Love
44%
35Gloria GaynorI Will Survive
44%
32The Bee GeesStayin' Alive
42%
28Tears for FearsEverybody Wants to Rule the World
40%
6MadonnaLike A Prayer
40%
30AdeleRolling in the Deep
40%
49Gotye (ft. Kimbra)Somebody That I Used to Know
40%
92Pac (ft. Dr. Dre)California Love
38%
1Whitney HoustonI Wanna Dance With Somebody
38%
47BlondieHeart of Glass
36%
12Britney Spears...Baby One More Time
33%
24Lady GagaBad Romance
31%
3The TemptationsMy Girl
31%
20TLCNo Scrubs
31%
13Nicki MinajSuper Bass
31%
23Jackson 5I Want You Back
29%
41The B-52sLove Shack
27%
46Soft CellTainted Love
25%
17Fleetwood MacDreams
24%
37Marvin Gaye & Tammi TerrellAin't No Mountain High Enough
22%
11Prince and the RevolutionKiss
22%
38Katy PerryTeenage Dream
22%
5Kelly ClarksonSince U Been Gone
20%
15Mariah CareyFantasy
18%
25The Beach BoysGood Vibrations
18%
19The RonettesBe My Baby
16%
27The Isley BrothersShout
16%
10The BeatlesI Want to Hold Your Hand
15%
22Missy ElliottWork It
15%
42Taylor SwiftYou Belong With Me
13%
39George MichaelFreedom '90
11%
34Al GreenLet's Stay Together
11%
44Otis ReddingThe Dock of the Bay
11%
43Donna SummerLast Dance
9%
40Looking GlassBrandy (You're a Fine Girl)
7%
45Dr. Dre (ft. Snoop Dogg)Nuthin' But a 'G' Thang
5%
29The SupremesWhere Did Our Love Go
5%
33The ShirellesWill You Love Me Tomorrow
4%

Score Distribution

Percentile by Number Answered

Percent of People with Each Score

Your Score History

You have not taken this quiz